000 nam a22 7a 4500
999 _c128426
_d128426
008 181023b xxu||||| |||| 00| 0 eng d
050 _aBV4466.E93
245 _aEverybody's challenge
_bessential documents of Jesuit Refugee Service 1980-2000
_cEdited by Danielle Vella
260 _aItaly
_bJesuit Refugee Service
_c2000
300 _a155p. ;
_c21cm.
610 _aJesuit Refugee Service
_943069
942 _2lcc
_cMONOGRAPH